El éxito empresarial cómo inventar el futuro para redefinir el presente (Registro nro. 180372)

Detalles MARC
000 -ENCABEZADO
Número de control [NR] 00860 a2200241 4500
005 - FECHA Y HORA DE LA ÚLTIMA TRANSACCIÓN
control field 20260120085131.0
008 - DE LONGITUD FIJA DE DATOS DE ELEMENTOS - INFORMACIÓN GENERAL
Elementos de longitud fija [NR] 131002s1997 sp ad frn 000 0 spa
020 ## - NUMERO INTERNACIONAL NORMALIZADO PARA LIBROS [R]
Número Internacional Normalizado del libro [NR] 8479531630
040 ## - FUENTE DE CATALOGACION [NR]
Agencia de catalogación original [NR] CO-BoUCM
Idioma de catalogación [NR] spa
Quien Cataloga Sandra Palacio (modificó)
Quien Clasifica Sandra Palacio (modificó)
041 00 - CODIGO DE IDIOMA [R]
Código de idioma para texto/pista de sonido o título separado [R] Español
100 1# - ASIENTO PRINCIPAL--NOMBRE PERSONAL [NR]
Nombre personal [NR] Ribeiro, Lair
ID Autoridad 45643
245 13 - MENCION DE TITULO [NR]
Título [NR] El éxito empresarial cómo inventar el futuro para redefinir el presente
Mención de responsabilidad, etc. [NR] Lair Ribeiro
250 ## - MENCION DE EDICION [NR]
Mención de edición [NR] 6a ed
260 ## - PUBLICACION, DISTRIBUCION, ETC. (PIE DE IMPRENTA) [R]
Lugar de publicación, distribución, etc. [R] Barcelona (España)
Nombre del editor, distribuidor, etc. [R] Urano
Fecha de publicación, distribución, etc. [R] 1997
300 ## - DESCRIPCION FISICA [R]
Extensión [R] 188 páginas
Otros detalles físicos [NR] ilustraciones y gráficas
504 ## - NOTA DE BIBLIOGRAFIA, ETC. [R]
Nota de bibliografía, etc. [NR] Incluye referencias bibliográficas
650 #7 - ASIENTO SECUNDARIO DE MATERIA - TERMINO TEMATICO [R]
Término temático o nombre geográfico como elemento de entrada [NR] Éxito en los negocios
9 (RLIN) 15417
650 #7 - ASIENTO SECUNDARIO DE MATERIA - TERMINO TEMATICO [R]
Término temático o nombre geográfico como elemento de entrada [NR] Liderazgo
9 (RLIN) 18533
650 #7 - ASIENTO SECUNDARIO DE MATERIA - TERMINO TEMATICO [R]
Término temático o nombre geográfico como elemento de entrada [NR] Nuevas empresas
9 (RLIN) 7880
690 ## - ASUNTO AGREGADO LOCAL DE ENTRADA - TÉRMINO TEMÁTICO (OCLC, RLIN)
Acceso temático local Administración de empresas
9 (RLIN) 435
942 ## - ELEMENTOS DE ENTRADA AGREGADOS (KOHA)
Tema principal Administración
Tipo de ítem principal el descrito en 300a Libro
Edición 6
Parte restante de la signatura top. R484e
Sistema de clasificación DEWEY
Clasificación 658.421
Existencias
Signatura topográfica Código de barras Última vez visto Volúmen / Fascículo Ejemplar Costo de reposición Price effective from Tipo de ítem Perdido Sistema de clasificación Dañado No prestable Tipo de ítem específico Suprimido Ubicación habitual Ubicación actual Localización Fecha de creación Proveedor Forma de adquisición Costo Fecha de último préstamo Total préstamos Total Renewals
658.421 R484e 100136033 10/12/2025 6a.Ed. Ej.1 65637.00 03/09/2013 Libro   DEWEY     Libro   Sede del emprendimiento y la innovación Sede del Emprendimiento, Innovación y Creación 1er piso 03/09/2013 19 Compra 65637.00      
658.421 R484e 100136998 12/05/2026 6a.Ed. Ej.2 35500.00 16/10/2013 Libro   DEWEY     Libro   Sede del emprendimiento y la innovación Sede del Emprendimiento, Innovación y Creación 1er piso 16/10/2013 15 Compra 35500.00 18/04/2026 3 2